|
|
|
|
| LEADER |
03056nam a2200721 a 4500 |
| 001 |
nkc20102032991 |
| 003 |
CZ PrNK |
| 005 |
20100421151759.0 |
| 007 |
ta |
| 008 |
100225s2010 xr a e 000 0 cze |
| 015 |
|
|
|a cnb002032991
|
| 020 |
|
|
|a 978-80-7305-093-1
|q (brož.) :
|c neprodejné
|
| 035 |
|
|
|a (OCoLC)607528401
|
| 040 |
|
|
|a ABA001
|b cze
|d BOA001
|
| 072 |
|
7 |
|a 57
|x Obecná biologie
|2 Konspekt
|9 2
|
| 080 |
|
|
|a 57:61
|2 MRF
|
| 080 |
|
|
|a 612
|2 MRF
|
| 080 |
|
|
|a 591.1
|2 MRF
|
| 080 |
|
|
|a 611.013.3/.8
|2 MRF
|
| 080 |
|
|
|a 612.646
|2 MRF
|
| 080 |
|
|
|a 591.31/.33
|2 MRF
|
| 080 |
|
|
|a 576.36
|2 MRF
|
| 080 |
|
|
|a 57.05
|2 MRF
|
| 080 |
|
|
|a 06.05NOBEL
|2 MRF
|
| 080 |
|
|
|a (07)
|2 MRF
|
| 100 |
1 |
|
|a Matalová, Eva,
|d 1973-
|7 ola2007365181
|4 aut
|
| 245 |
1 |
0 |
|a Od fyziologie k medicíně :
|b věda na úrovni Nobelových cen /
|c Eva Matalová, Marcela Buchtová, Jaroslav Doubek
|
| 246 |
3 |
0 |
|a Věda na úrovni Nobelových cen
|
| 250 |
|
|
|a 1. vyd.
|
| 260 |
|
|
|a Brno :
|b Veterinární a farmaceutická univerzita,
|c 2010
|
| 300 |
|
|
|a 61 s. :
|b il. (převážně barev.) ;
|c 21 cm
|
| 500 |
|
|
|a Na zadní s. obálky: Ústav fyziologie, Veterinární a farmaceutická univerzita Brno, Ústav živočišné fyziologie a genetiky AV ČR, Brno
|
| 500 |
|
|
|a Vydáno pro vzdělávací cyklus s tématem Věda na úrovni Nobelových cen, realizovaný v rámci projektu Od fyziologie k medicíně (CZ.1.07/2.3.00/09.0219)
|
| 500 |
|
|
|a Chronologický přehled
|
| 504 |
|
|
|a Obsahuje bibliografii
|
| 650 |
0 |
7 |
|a biomedicína
|7 ph165181
|2 czenas
|
| 650 |
0 |
7 |
|a fyziologie člověka
|7 ph120451
|2 czenas
|
| 650 |
0 |
7 |
|a fyziologie živočichů
|7 ph114605
|2 czenas
|
| 650 |
0 |
7 |
|a embryogeneze
|7 ph125175
|2 czenas
|
| 650 |
0 |
7 |
|a buněčný cyklus
|7 ph119041
|2 czenas
|
| 650 |
0 |
7 |
|a regulace (biologie)
|7 ph119817
|2 czenas
|
| 650 |
0 |
7 |
|a Nobelova cena (ocenění)
|7 ph117923
|2 czenas
|
| 650 |
0 |
9 |
|a biomedicine
|2 eczenas
|
| 650 |
0 |
9 |
|a human physiology
|2 eczenas
|
| 650 |
0 |
9 |
|a animal physiology
|2 eczenas
|
| 650 |
0 |
9 |
|a embryogenesis
|2 eczenas
|
| 650 |
0 |
9 |
|a cell cycle
|2 eczenas
|
| 650 |
0 |
9 |
|a biological regulation
|2 eczenas
|
| 650 |
0 |
9 |
|a Nobel Prizes
|2 eczenas
|
| 655 |
|
7 |
|a učební texty
|7 fd133599
|2 czenas
|
| 655 |
|
9 |
|a educational texts
|2 eczenas
|
| 700 |
1 |
|
|a Buchtová, Marcela
|7 xx0043736
|4 aut
|
| 700 |
1 |
|
|a Doubek, Jaroslav,
|d 1947-
|7 mzk2003185823
|4 aut
|
| 710 |
2 |
|
|a Od fyziologie k medicíně (projekt)
|7 kn20100225005
|
| 710 |
2 |
|
|a Veterinární a farmaceutická univerzita Brno.
|b Ústav fyziologie
|7 mzk2003205670
|
| 710 |
2 |
|
|a Ústav živočišné fyziologie a genetiky (Akademie věd ČR)
|7 nlk20030127421
|
| 856 |
4 |
1 |
|u http://www.digitalniknihovna.cz/mzk/uuid/uuid:08df4cd0-38dc-11e4-8e0d-005056827e51
|y Digitalizovaný dokument
|x NDK
|
| 910 |
2 |
|
|a BOA001
|b 2-1239.017
|
| 990 |
|
|
|a BK
|
| 995 |
|
|
|a 01
|
| 991 |
|
|
|b 201003
|c NOV
|
| 996 |
6 |
|
|b 2610413314
|c 2-1239.017
|l MZK
|r Sklad / do 1 hodiny
|n 0
|p p.v.
|w 001111600
|u 000010
|a 1
|e BOA001
|j MZK50
|s P
|
| 996 |
7 |
|
|b 2610432970
|c 2-1239.017
|l MZK
|r Sklad / do 1 hodiny
|n 5
|p p.v.
|w 001111600
|u 000020
|a 1
|e BOA001
|j MZK50
|s A
|